| 000 | 00954nam a22003017a 4500 | ||
|---|---|---|---|
| 003 | CHAP | ||
| 005 | 20220817042937.0 | ||
| 008 | 971013s1971 r 00010 d | ||
| 010 | _a60713 | ||
| 011 | _a61685 | ||
| 035 | _a65853 | ||
| 040 | _cCHAP | ||
| 082 |
_a080 _bS4 v.9 |
||
| 110 | _aMéxico. Dirección General de Planeación Educativa | ||
| 245 |
_aHa fracasado el indigenismo _b: reportaje de una controversia (13 de septiembre de 1971) |
||
| 260 |
_aMéxico, D.F. : _bSep Setentas, _c1971 |
||
| 300 | _a247 p. | ||
| 490 |
_aSEP/Setentas _v; 9 |
||
| 590 |
_aBATCH-UPD _b10 _c20130110 _lUCH01 _h1823 |
||
| 590 |
_aBATCH-UPD _b10 _c20130410 _lUCH01 _h1157 |
||
| 590 |
_aBATCH-UPD _b10 _c20130914 _lUCH01 _h1632 |
||
| 590 |
_aCONVERSION _b10 _c20130109 _lUCH01 _h1333 |
||
| 650 | 1 | 4 | _aIndios de México. |
| 830 | 0 |
_aSEP. Setentas _v; 9 |
|
| 901 | _aBK | ||
| 942 | _cLIBRO | ||
| 949 |
_a080 S4 v.9 _bBC _cLIBRO _d33724000307120 _eLIBRO _h44585 _i65853 _si |
||
| 999 |
_c60713 _d60713 |
||